المعنى في العمارة اليمنية القديمة : (رقم التسجيلة. 51973)
[ عرض عادي ]
| 000 -LEADER | |
|---|---|
| fixed length control field | 02572cam a2200337 a 4500 |
| 003 - CONTROL NUMBER IDENTIFIER | |
| control field | EG-GiCUC |
| 005 - DATE AND TIME OF LATEST TRANSACTION | |
| control field | 20250223031257.0 |
| 008 - FIXED-LENGTH DATA ELEMENTS--GENERAL INFORMATION | |
| fixed length control field | 150815s2015 ua h f m 000 0 ara d |
| 040 ## - CATALOGING SOURCE | |
| Original cataloging agency | EG-GiCUC |
| Language of cataloging | ara |
| Transcribing agency | EG-GiCUC |
| 041 0# - LANGUAGE CODE | |
| Language code of text/sound track or separate title | ara |
| 049 ## - LOCAL HOLDINGS (OCLC) | |
| Holding library | ايداع |
| 097 ## - Thesis Degree | |
| Thesis Level | دكتوراه |
| 099 ## - LOCAL FREE-TEXT CALL NUMBER (OCLC) | |
| Classification number | Cai01.13.02.Ph.D.2015.أح.م |
| 100 0# - MAIN ENTRY--PERSONAL NAME | |
| Personal name | أحمد عبدربه علي النهمي |
| 245 12 - TITLE STATEMENT | |
| Title | المعنى في العمارة اليمنية القديمة : |
| Remainder of title | دراسة حالة صنعاء القديمة / |
| Statement of responsibility, etc. | أحمد عبدربه علي النهمي ؛ اشراف علي حاتم جبر : علاء الدين عبدالمحسن شاهين |
| 246 15 - VARYING FORM OF TITLE | |
| Title proper/short title | Meaning in Yemeni Ancient Architecture : |
| Remainder of title | Case Study of Old Sana`a |
| 260 ## - PUBLICATION, DISTRIBUTION, ETC. | |
| Place of publication, distribution, etc. | القاهرة : |
| Name of publisher, distributor, etc. | أحمد عبدربه علي النهمي : |
| Date of publication, distribution, etc. | 2015 |
| 300 ## - PHYSICAL DESCRIPTION | |
| Extent | 338 ص : |
| Other physical details | مثيليات ؛ |
| Dimensions | 30سم |
| 502 ## - DISSERTATION NOTE | |
| Dissertation note | اطروحة (دكتوراه) - جامعة القاهرة - كلية الهندسة - قسم الهندسة المعمارية |
| 520 ## - SUMMARY, ETC. | |
| Summary, etc. | تتناول هذه الدراسة العمارة اليمنية القديمة: بهدف معرفة الجذور والمعاني الرمزية للعناصر والمفردات المعمارية للعمارة التقليدية في اليمن. وقد شملت منهجية الدراسة بناء نموذج عام للنظم العقائدية والرمزية لليمن ثم تطبيقه على العمارة اليمنية القديمة عبر مراحلها التاريخية المختلفة. واختتم الجزء التطبيقي بقراءة المعنى وتأصيل العناصر والمفردات المعمارية للعمارة اليمنية التقليدية: وذلك بانتخاب مدينة صنعاء القديمة والمسكن البرجي فيها كدراسة حالة. وقد خلصت الدراسة إلى معرفة جذور العناصر والمفردات المعمارية للعمارة اليمنية التقليدية: ومعرفة المعنى الذي يقف خلف عناصرها ومفرداتها المعمارية. |
| 530 ## - ADDITIONAL PHYSICAL FORM AVAILABLE NOTE | |
| Additional physical form available note | صدر ايضا كقرص مدمج |
| 653 #4 - INDEX TERM--UNCONTROLLED | |
| Uncontrolled term | الديانة اليمنية القديمة |
| 653 #4 - INDEX TERM--UNCONTROLLED | |
| Uncontrolled term | العمارة اليمنية |
| 653 #4 - INDEX TERM--UNCONTROLLED | |
| Uncontrolled term | تاريخ اليمن |
| 700 0# - ADDED ENTRY--PERSONAL NAME | |
| Personal name | علاء الدين عبدالمحسن شاهين : |
| Relator term | |
| 700 0# - ADDED ENTRY--PERSONAL NAME | |
| Personal name | علي حاتم جبر : |
| Relator term | |
| 856 ## - ELECTRONIC LOCATION AND ACCESS | |
| Uniform Resource Identifier | <a href="http://172.23.153.220/th.pdf">http://172.23.153.220/th.pdf</a> |
| 905 ## - LOCAL DATA ELEMENT E, LDE (RLIN) | |
| Cataloger | Nazla |
| Reviser | Revisor |
| 905 ## - LOCAL DATA ELEMENT E, LDE (RLIN) | |
| Cataloger | Soheir |
| Reviser | Cataloger |
| 942 ## - ADDED ENTRY ELEMENTS (KOHA) | |
| Source of classification or shelving scheme | Dewey Decimal Classification |
| Koha item type | Thesis |
| Source of classification or shelving scheme | Not for loan | Home library | Current library | Date acquired | Full call number | Barcode | Date last seen | Koha item type | Copy number |
|---|---|---|---|---|---|---|---|---|---|
| Dewey Decimal Classification | المكتبة المركزبة الجديدة - جامعة القاهرة | قاعة الرسائل الجامعية - الدور الاول | 11.02.2024 | Cai01.13.02.Ph.D.2015.أح.م | 01010100020579000 | 22.09.2023 | Thesis | ||
| Dewey Decimal Classification | المكتبة المركزبة الجديدة - جامعة القاهرة | مخـــزن الرســائل الجـــامعية - البدروم | 11.02.2024 | Cai01.13.02.Ph.D.2015.أح.م | 01020100020579000 | 22.09.2023 | CD - Rom | 20579.CD |